| 000 | 00801cam a22002291 4500 | ||
|---|---|---|---|
| 001 | d 01000072 | ||
| 003 | DLC | ||
| 005 | 20260227111148.0 | ||
| 008 | 791112m1834 ne 000 0 dut | ||
| 010 | _ad 01000072 | ||
| 035 | _a(OCoLC)5685624 | ||
| 040 |
_aDLC _cNIC _dDLC |
||
| 050 | 0 | 0 |
_aDH156 _b.B6 |
| 100 | 1 | _aBolhuis, Joan Hugo van. | |
| 245 | 1 | 3 |
_aDe Noormannen in Nederland. _bGeschiedenis hunner invallen gedurende de negende, tiende en elfde eeuwen, met opgave van derzelver gevolgen, uit echte bronnen geput, _cdoor J. H. van Bolhuis. |
| 260 |
_aUtrecht, _bVan Paddenburg, _c1834-35. |
||
| 300 |
_a2 v. in 1. _c24 cm. |
||
| 500 | _a2. stuk: Bijlagen en bijvoegsels. | ||
| 650 | 0 |
_aVikings _zNetherlands. |
|
| 650 | 0 |
_aNorthmen _zNetherlands. |
|
| 651 | 0 |
_aNetherlands _xHistory _yTo 1384. |
|
| 999 |
_c18589 _d18589 |
||